| 000 | 01455nam0a22003011 4500 | ||
|---|---|---|---|
| 001 | rc\4101676 | ||
| 005 | 20130415164131.2 | ||
| 021 |
_aRU _b[51-19016] |
||
| 035 | _a(NLR Aleph) 008139200 | ||
| 090 |
_a9473159 _c9473159 |
||
| 100 | _a20130415d1951 |||y0rusy50 ca | ||
| 101 | 0 | _arus | |
| 102 | _aRU | ||
| 105 | _ay c ||||| | ||
| 200 | 1 |
_aВ помощь рисосеющим колхозам и совхозам Кубани _e(Рекоменд. указатель литературы) _fВсесоюз. рисовая опыт. станция. Краснодарск. краев. б-ка им. А.С. Пушкина |
|
| 210 |
_aКраснодар _cСов. Кубань _d1951 |
||
| 215 |
_a14 с. _d20 |
||
| 300 | _aСост. указаны на обороте тит. л.: канд. с.-х. наук К.С. Кириченко, Л.Е. Миронова | ||
| 606 |
_aРис _xВозделывание _jБиблиография _2psbo |
||
| 700 | 1 |
_aКириченко _bК. С. _gКонстантин Саввич _4220 |
|
| 701 | 1 |
_aМиронова _bЛ. Е. _4220 |
|
| 712 | 0 | 2 |
_aВсесоюзная рисовая опытная станция _cКраснодар _3RU\NLR\AUTH\8810118306 |
| 712 | 0 | 2 |
_aКраснодарская краевая библиотека им. А.С. Пушкина _3RU\NLR\AUTH\889963830 |
| 801 | 0 |
_aRU _bNLR _gpsbo |
|
| 801 | 1 |
_aRU _bELAR _2rusmarc |
|
| 852 |
_aNLR _jС375Рис-660/К43 |
||
| 942 | _cBOOK | ||
| 980 | _aNB | ||